000 00876nas a2200289 4500
001 BR0707875
003 BR-BrBNA
005 20231205111403.0
007 ta
008 230509b bl.|||p| |||| 00| 00por d
040 _aBR-BrBNA
_bpor
_cBiblioteca Nacional de Agricultura
041 _a(Pt)
072 _aF04; F61
100 1 _aMartins, R.
100 1 _aMelo, V. de F.
100 1 _aSerrat, B.M.
245 1 _aMétodos de determinação da disponibilidade de potássio para a cultura do trigo em solos dos Campos Gerais, estado do Paraná
650 _aTRIGO
650 _aPOTÁSSIO
650 _aNUTRIENTE
650 _aSOLO
650 _aPRODUTIVIDADE
650 _aCAMPOS GERAIS
773 0 _tRevista Ceres (Brazil)
_xISSN 0034-737X
_g(Nov-Dec 2004), v. 51(298) p. 787-801
_wBR0707875
909 _a202311
_bLúcia
_c55
_dLúcia Elande
942 _2AGRIS
_n0
_cANA
999 _c192419
_d192419